000 00554nam a22001697a 4500
008 150306b xxu||||| |||| 00| 0 eng d
020 _a9780521631679
050 _aQC39.F75 1998
100 _aFrieden, Roy B.
_915838
245 _aPhysics from fisher information
_ba unification
_c/by B. Roy Frieden
260 _aCambridge
_bCambridge University Press
_c1998
300 _aix, 318p.
_c26cm.
650 _aPhysical measurements
_915396
650 _aInformation theory
_914003
650 _aPhysics
_xMethodology
_915839
942 _2lcc
_cMONOGRAPH
999 _c122287
_d122287